Fußball-Weltmeister 2014 - Statistiken

Allgemein
  • Dieses Quiz wurde 1.728 mal gespielt
  • Das Durchschnittsergebnis liegt bei 12 aus 14
Antwortstatistiken
Nummer Spieler % Korrekt
1 Manuel Neuer
100%
19 Mario Götze
95%
13 Thomas Müller
92%
11 Miroslav Klose
91%
7 Bastian Schweinsteiger
89%
16 Philipp Lahm
89%
5 Mats Hummels
88%
20 Jérôme Boateng
87%
18 Toni Kroos
82%
8 Mesut Özil
80%
9 André Schürrle
75%
4 Benedikt Höwedes
73%
23 Christoph Kramer
70%
17 Per Mertesacker
53%
Keine übereinstimmenden Quizze gefunden
Verteilung der Resultate
Anzahl Personen mit jedem Resultat
Perzentil nach korrekt beantworteten Fragen
Ihre Resultats-Entwicklung
Sie haben dieses Quiz noch nicht gespielt